| 000 | 00897nam a2200229Ia 4500 | ||
|---|---|---|---|
| 003 | GCL | ||
| 008 | 140319s9999 xx 000 0 ara d | ||
| 040 |
_aGCL / _cGCL |
||
| 082 | 0 | 4 |
_a743.49 _bا ت |
| 100 | 1 | _aاحمد المفتى | |
| 245 | 1 | 0 |
_aالتشريح للفنانين : _bتشريح جسم الانسان : الهيكل العظمى والعضلات تشريح جسم الحيوان : الهيكل العظمى والعضلات / _cاحمد المفتى |
| 250 | _aالاولى | ||
| 260 |
_aسوريا : _bدار دمشق للنشر والتوزيع والطباعة ، _c1997 |
||
| 300 |
_a160 ص ؛ _c24 سم |
||
| 650 | 0 | 4 | _aرسم الحيوانات |
| 650 | 0 | 4 | _aرسم الاشخاص |
| 650 | 0 | 4 | _aالرسم التشريحى |
| 650 | 0 | 4 | _aجسم الانسان فى الفن |
| 650 | 0 | 4 | _aالتشريح الفنى |
| 650 | 0 | 4 | _aرسم الطيور |
| 942 |
_2ddc _cBK |
||
| 999 |
_c9906 _d9906 |
||